Представление документа в формате RUSMARC

ПолеНазваниеЗначение
  Тип записи i
  Библиографический уровень c
001 Контрольный номер LIBNET\0000776640
005 Дата корректировки 20201206205133.4
010 Индекс ISBN __
d Цена 365-21
071 Издательские номер (звукозапись и ноты) __
a Номер, присвоенный агентством SSTMP3 555-13
100 Данные общей обработки __
a Данные общей обработки 19170516d2013||||||| 0rusy0189 ca
101 Язык документа 1_
a Язык текста rus
c Язык оригинала nnn
102 Страна публикации __
a Страна публикации ru
102 Страна публикации __
a Страна публикации RU
105 Кодированные данные (монография) __
a Кодированные данные (монография) nnn||||||f|zy
127 Кодированные данные (звукозаписи-физические характеристики) __
a Продолжительность проигрывания 074800
200 Заглавие и сведения об ответственности 1_
a Заглавие Приключения Патера Брауна
e Сведения, относящиеся к заглавию [аудиокнига]
f Первые сведения об ответственности Гилберт Кийт Честертон ; [исполняет: Александр Бордуков ; продюсер: Владимир Воробьев ; перевод: А. Карнаухова]
b Общее обозначение материала Звукозапись
210 Выходные данные __
a Место издания Москва
c Издательство Союз
c Издательство Покидышевъ и сыновья
d Дата издания 2013
215 Физическое описание __
a Объем 1 электрон. опт. диск (Audio CD)
c Иллюстрации/тип воспроизводства mp3, 128 кБит/сек, 44,1 кГц, stereo
d Формат 12х14 см
225 Серия __
a Серия Золотая библиотека детектива
230 Специфическая характеристика материала: электронные ресурсы __
a Обозначение и объем ресурса Электронные звуковые данные
300 Общие примечания __
a Общие примечания Заглавие с этикетки диска
323 Примечание о главных создателях, исполнителях, участниках __
a Примечание о главных создателях, исполнителях, участниках Бордуков, А.
327 Примечание о содержании __
a Примечание о содержании Смерть и воскрешение патера Брауна
327 Примечание о содержании __
a Примечание о содержании Небесная стрела
327 Примечание о содержании __
a Примечание о содержании Собака-оракул
327 Примечание о содержании __
a Примечание о содержании Тайна золотого креста
327 Примечание о содержании __
a Примечание о содержании Чудо «полумесяца»
327 Примечание о содержании __
a Примечание о содержании Крылатый кинжал
327 Примечание о содержании __
a Примечание о содержании Обреченный род
327 Примечание о содержании __
a Примечание о содержании Призрак Уайза
330 Аннотация __
a Аннотация Патер Браун – вымышленный персонаж, герой детективных рассказов Г. К. Честертона, католический священник с непримечательной внешностью, но острым аналитическим умом и умением понять психологию другого человека. Прототипом Брауна послужил священник Джон О’Коннор, знакомый Честертона, сыгравший важную роль в обращении писателя в католичество.
337 Примечание о системных требованиях (электронные ресурсы) __
a Примечание о системных требованиях (электронные ресурсы) Системные требования: CD-плеер с поддержкой MP3 или Pentium-233 c Windows 9x-XP ; CD-ROM ; звуковая карта
606 Тематические рубрики __
a Основная рубрика Художественная литература
606 Тематические рубрики __
a Основная рубрика Литература Европы (произведения)
y Географическая подрубрика Англия
y Географическая подрубрика Великобритания
610 Ключевые слова __
a Ключевые слова английская литература
a Ключевые слова детективные рассказы
a Ключевые слова детективы
a Ключевые слова литературные герои
a Ключевые слова литературные персонажи
a Ключевые слова отец Браун
a Ключевые слова рассказы
a Ключевые слова тема преступлений
a Ключевые слова тема расследований
a Ключевые слова тема священнослужителей
a Ключевые слова тема сыщиков
686 Индексы других классификаций __
2 Код системы rubbks
a Классификационный индекс 84(4Вел)53-445я04
700 Автор _1
a Фамилия Честертон
b Имя Г. К.
f Даты 1874 - 1936
g Полное личное имя Гилберт Кит
4 Код отношения 070
702 Вторичная интеллектуальная ответственность _1
a Фамилия Карнаухова
b Имя А.
4 Код отношения Переводчик
4 Код отношения 730
702 Вторичная интеллектуальная ответственность _1
a Фамилия Воробьев
b Имя В.
4 Код отношения Продюсер
4 Код отношения 570
801 Источник записи _0
a Страна ru
b Организация Сахалинская ОУНБ
c Дата составления 20170516
g Правила каталогизации rpk
801 Источник записи _2
a Страна ru
b Организация Муниципальное бюджетное учреждение культуры "Централизованная библиотечная система" г. Сургут (Центральная городская библиотека им. А. С. Пушкина)
c Дата составления 20170516
852 Данные о местонахождении __
j Шифр хранения 84(4Вел)53-445я04
i Авторский знак Ч-51
901 Тип документа __
t Тип документа x
a Ответственный КиК/Лукашук
903 Характеристики (МАРС) __
a Дата передачи 20180621
969 Тип издания __
a Тип издания аудиокнига; издание для слепых
990 Данные о заказе (DOS) __
j Количество экземпляров (DOS) 2
t N записи в КСУ для И/У (DOS) 201806